Le nom latin des signes du zodiaque - Statistiques

Statistiques générales
  • Ce quiz a été pris 91 fois
  • Le résultat moyen est 10 sur 12
Statistiques - réponses
Signe du zodiaque Nom latin % Correct
Vierge Virgo
97%
Gémeaux Gemini
96%
Lion Leo
96%
Scorpion Scorpio
96%
Taureau Taurus
95%
Sagittaire Sagittarius
90%
Poissons Pisces
87%
Cancer Cancer
86%
Bélier Aries
81%
Capricorne Caprico
78%
Balance Libra
74%
Verseau Aquarius
68%
Aucun quiz correspondant
Distribution des résultats
% des personnes avec chaque résultat
Percentile par nombre de réponses
Votre historique - résultats
Vous n’avez pas pris ce quiz